Damage potentiality and Eco-Friendly Management of Red Pumpkin Beetle and Cucurbit Fruit Fly on Squash vegetable / (Record no. 14905)

MARC details
000 -LEADER
fixed length control field 01219nam a22003017a 4500
001 - CONTROL NUMBER
control field BD-DhSAU 8665
003 - CONTROL NUMBER IDENTIFIER
control field BD-DhSAU
005 - DATE AND TIME OF LATEST TRANSACTION
control field 20200107154137.0
008 - FIXED-LENGTH DATA ELEMENTS--GENERAL INFORMATION
fixed length control field 150613b2019 bg a|||| m||| 00| 0 eng d
040 ## - CATALOGING SOURCE
Original cataloging agency BD-DhSAU
082 ## - DEWEY DECIMAL CLASSIFICATION NUMBER
Edition number 22
Classification number 595.7
Item number M5803
100 ## - MAIN ENTRY--PERSONAL NAME
Personal name Miah , Mohammad Rubel
Relator code Registration No. 12- 04911
245 ## - TITLE STATEMENT
Title Damage potentiality and Eco-Friendly Management of Red Pumpkin Beetle and Cucurbit Fruit Fly on Squash vegetable /<br/><br/><br/>
Statement of responsibility, etc. Mohammad Rubel Miah
Remainder of title Ms Thesis
260 ## - PUBLICATION, DISTRIBUTION, ETC. (IMPRINT)
Place of publication, distribution, etc. Sher-e-Bangla Agricultural University :
Name of publisher, distributor, etc. Department of Entomology,
Date of publication, distribution, etc. 2019.
300 ## - PHYSICAL DESCRIPTION
Extent x, 96 p. :
Other physical details ill. ;
Dimensions 30 cm.
500 ## - GENERAL NOTE
General note MS thesis of Department of Entomology, Faculty of Agriculture, Sher-e-Bangla Agricultural University, Dhaka, Bangladesh
504 ## - BIBLIOGRAPHY, ETC. NOTE
Bibliography, etc Includes bibliographical references.
590 ## - Name of Cataloguer
Name of Cataloger Shofi
650 ## - SUBJECT ADDED ENTRY--TOPICAL TERM
Topical term or geographic name as entry element Entomology
650 ## - SUBJECT ADDED ENTRY--TOPICAL TERM
Topical term or geographic name as entry element Eco - Friendly Management
650 ## - SUBJECT ADDED ENTRY--TOPICAL TERM
Topical term or geographic name as entry element Red Pumpkin Beetle
650 ## - SUBJECT ADDED ENTRY--TOPICAL TERM
Topical term or geographic name as entry element Cucurbit Fruit Fly
650 ## - SUBJECT ADDED ENTRY--TOPICAL TERM
Topical term or geographic name as entry element Squash vegetable
700 ## - ADDED ENTRY--PERSONAL NAME
Personal name Akter , Tahmina
Relator term Superviser
700 ## - ADDED ENTRY--PERSONAL NAME
Personal name Ali , Md. Razzab
Relator term Co-superviser
856 ## - ELECTRONIC LOCATION AND ACCESS
Uniform Resource Identifier <a href="http://archive.saulibrary.edu.bd:8080/xmlui/handle/123456789/3047">http://archive.saulibrary.edu.bd:8080/xmlui/handle/123456789/3047</a>
Link text Online Access
942 ## - ADDED ENTRY ELEMENTS (KOHA)
Source of classification or shelving scheme Dewey Decimal Classification
Koha item type MS Level Thesis
Holdings
Withdrawn status Lost status Source of classification or shelving scheme Damaged status Not for loan Collection code Home library Branch Name Date acquired Total Checkouts Full call number Barcode Date last seen Price effective from Koha item type
    Dewey Decimal Classification   Not For Loan Reference SAU Library SAU Library 11/12/2019   595.7 M5803 41734 07/01/2020 07/01/2020 MS Level Thesis